Objective General Knowledege (Record no. 187123)

MARC details
000 -LEADER
fixed length control field 00454nam a2200193Ia 4500
008 - FIXED-LENGTH DATA ELEMENTS--GENERAL INFORMATION
fixed length control field 240823s9999||||xx |||||||||||||| ||und||
020 ## - INTERNATIONAL STANDARD BOOK NUMBER
International Standard Book Number 978-81-8348-254-7
082 ## - DEWEY DECIMAL CLASSIFICATION NUMBER
-- 001 P9
100 ## - MAIN ENTRY--PERSONAL NAME
Personal name Tarun goyal
245 #0 - TITLE STATEMENT
Title Objective General Knowledege
250 ## - EDITION STATEMENT
Edition statement 1st
260 ## - PUBLICATION, DISTRIBUTION, ETC. (IMPRINT)
Date of publication, distribution, etc 2009
Name of publisher, distributor, etc Arihant Publica
500 ## - GENERAL NOTE
General note LOST
650 ## - SUBJECT ADDED ENTRY--TOPICAL TERM
Topical term or geographic name as entry element General Knowledge
942 ## - ADDED ENTRY ELEMENTS (KOHA)
Item type Books
Holdings
Withdrawn status Lost status Damaged status Permanent location Current location Shelving location Date acquired Source of acquisition Cost, normal purchase price Full call number Barcode Date last seen Koha item type
  Lost and paid for   CENTRAL LIBRARY, NOORUL ISLAM CENTRE FOR HIGHER EDUCATION CENTRAL LIBRARY, NOORUL ISLAM CENTRE FOR HIGHER EDUCATION   02/17/2011 Velavan Book Centre 85.00 001 P9 39676 08/23/2024 Books
Visitors:
Copyright © 2024 Central Library NICHE.  All rights reserved.